30 Most Liked Geometry Dash Levels - Statistics

General Stats
  • This quiz has been taken 18 times
    4 since last reset
  • The average score is 4 of 30
Answer Stats
Likes Level Name % Correct
4.5M Bloodbath by Riot
100%
8.1M ReTraY by DiMaViKuLov26
100%
5.1M Dark Paradise by Roli GD
50%
5.5M OuterSpace by Nicki1202
50%
6.2M Sonar by JerkRat
50%
2.2M X by TriAxis
50%
3.3M Acid Factory by RELIQUION
0%
2.8M Amplification by Berkoo
0%
3.1M Auto Play Area by Jax
0%
2.9M Chambers by SirHadoken
0%
2.7M dorabaebasic4 by DORABAE
0%
2.6M Dreamland by Scanbrux
0%
3.4M End Of Line by PMK
0%
2.3M First Race by Stamina
0%
2.5M flappy hexagon by Creator Cloud
0%
2.4M Highscore by Danolex
0%
2.3M Infernal Arena by SUOMI
0%
2.6M LETs RUN by izhar
0%
4.3M Level Easy by IAmCody
0%
3.3M Nine Circles by Zobros
0%
2.3M Overture by Fault
0%
2.4M Phantom by TheRealSalad
0%
2.7M Platinum Adventure by Jerry4
0%
4.3M Promises by Adiale
0%
2.5M Shock by Danolex
0%
2.4M Speed Racer by ZenthicAlpha
0%
2.5M Spooky Light by Serponge
0%
3.0M THE LIGHTNING ROAD by timeless real
0%
5.4M The Nightmare by Jax
0%
2.8M through time by Berkoo
0%
No matching quizzes found
Score Distribution
Percent of People with Each Score
Percentile by Number Answered
Your Score History
You have not taken this quiz since the last reset